[Event "10. Longericher Sommer-Open A"]
[Site "?"]
[Date "2013.07.22"]
[Round "4.3"]
[White "Mohaupt, Sascha"]
[Black "van der Valk, Niklas"]
[Result "1-0"]
[WhiteElo "2179"]
[BlackElo "2106"]
[PlyCount "121"]
[EventDate "2013.??.??"]
[WhiteTeam "SV Wermelskirchen 32"]
[BlackTeam "Godesberger SK 1929 e.V."]

1. e4 e5 2. Bc4 Nf6 3. d3 Bc5 4. Nc3 d6 5. Na4 Nc6 6. Nxc5 dxc5 7. Nf3 Bg4 8.
Bb5 Qd6 9. h3 Bxf3 10. Qxf3 O-O-O 11. Bxc6 Qxc6 12. b3 Rdf8 13. Bg5 Qe6 14.
Bxf6 gxf6 15. O-O Rfg8 16. Kh2 Rg5 17. Qe3 Rhg8 18. g4 h5 19. f3 Qd6 20. Rg1
hxg4 21. fxg4 Qf8 22. Raf1 Qh6 23. Rg3 b6 24. Kg2 R8g6 25. a3 Qf8 26. Qf3 Rh6
27. a4 Qd6 28. Rh1 Rg8 29. Qe3 Rgh8 30. Rf1 Kb7 31. Rgf3 Qd4 32. Qxd4 cxd4 33.
R1f2 Kc8 34. Rxf6 Rxh3 35. Rxf7 Rh2+ 36. Kf1 Rh1+ 37. Ke2 Rg1 38. Rf8+ Rxf8 39.
Rxf8+ Kd7 40. Rg8 Rg2+ 41. Kd1 a5 42. Rg6 Ke7 43. Rg7+ Kd6 44. g5 Kc6 45. g6
Kd6 46. Rg8 Ke7 47. g7 Kf6 48. Rf8+ Kxg7 49. Rf5 Rg6 50. Rxe5 c5 51. Rf5 Re6
52. c3 Rd6 53. Rd5 Rxd5 54. exd5 dxc3 55. Kc2 Kf6 56. Kxc3 Ke7 57. Kc4 Kd7 58.
Kb5 Kd6 59. Kxb6 Kxd5 60. Kxa5 Kc6 61. Ka6 1-0

[Event "10. Longericher Sommer-Open A"]
[Site "?"]
[Date "2013.07.22"]
[Round "4.4"]
[White "Karimi, Farhad"]
[Black "Ljuboschiz, Alexander"]
[Result "1-0"]
[WhiteElo "2165"]
[BlackElo "2167"]
[PlyCount "81"]
[EventDate "2013.??.??"]
[WhiteTeam "Satranc Club 2000 e.V."]
[BlackTeam "SK Altenkirchen"]

1. d4 Nf6 2. Nf3 g6 3. c4 Bg7 4. g3 O-O 5. Bg2 d6 6. Nc3 Nbd7 7. O-O e5 8. e4
exd4 9. Nxd4 Re8 10. Re1 Ng4 11. h3 Nge5 12. b3 Nc5 13. Be3 a5 14. Bf1 Bd7 15.
Rc1 a4 16. b4 Ne6 17. f4 Nxd4 18. Bxd4 Nf3+ 19. Qxf3 Bxd4+ 20. Kh2 Bxc3 21.
Rxc3 f5 22. Qd1 Bc6 23. exf5 Qf6 24. Rce3 Rxe3 25. Rxe3 gxf5 26. Qe2 a3 27. b5
Be4 28. Bg2 Ra4 29. Bxe4 fxe4 30. Qg4+ Kf7 31. Rxe4 Qb2+ 32. Re2 Rb4 33. Qf5+
Kg7 34. Rxb2 Rxb2+ 35. Kg1 Rxa2 36. Qd7+ Kg6 37. f5+ Kg5 38. h4+ Kg4 39. f6+
Kxg3 40. Qg7+ Kh3 41. f7 1-0

[Event "10. Longericher Sommer-Open A"]
[Site "?"]
[Date "2013.07.22"]
[Round "4.5"]
[White "Arlt, Klaus"]
[Black "Marcziter, Dmitrii"]
[Result "1-0"]
[WhiteElo "2034"]
[BlackElo "2283"]
[PlyCount "157"]
[EventDate "2013.??.??"]
[WhiteTeam "SF Köln-Mülheim e.V."]
[BlackTeam "DJK Aufwärts St. Josef Aachen 19"]

1. c4 c5 2. Nf3 Nc6 3. Nc3 g6 4. g3 Bg7 5. Bg2 d6 6. d3 e5 7. O-O Nge7 8. a3 a5
9. Rb1 O-O 10. Bg5 f6 11. Be3 Be6 12. b3 h6 13. Ne1 f5 14. Nc2 Rb8 15. b4 b6
16. Nd5 g5 17. Bd2 axb4 18. axb4 Ng6 19. e3 Nce7 20. Nxe7+ Qxe7 21. Na3 Qd7 22.
Qc2 f4 23. exf4 exf4 24. Be4 Ne5 25. Bc3 Bh3 26. Rfe1 fxg3 27. fxg3 Nf3+ 28.
Bxf3 Rxf3 29. Nb5 Rbf8 30. Qe2 Qc6 31. Bxg7 Kxg7 32. Nc3 Rf2 33. Qe4 Qd7 34.
Nd5 Qf7 35. Qe7 Kg8 36. Qxf7+ R2xf7 37. bxc5 bxc5 38. Nc3 Rf3 39. Rbd1 Rf2 40.
Ne4 Rg2+ 41. Kh1 Rb2 42. Kg1 Rfb8 43. Rd2 Rxd2 44. Nxd2 Rb2 45. Ne4 Bf5 46.
Nxd6 Bxd3 47. Re5 Rb1+ 48. Kf2 Rf1+ 49. Kg2 Rf6 50. Ne4 Rf5 51. Re8+ Kg7 52.
Nd2 g4 53. Re3 Bc2 54. Rc3 Ba4 55. Re3 Bc6+ 56. Kg1 Kf7 57. Ne4 Re5 58. Nd6+
Ke6 59. Rd3 Re2 60. Nc8 Bf3 61. Rd6+ Ke5 62. Rxh6 Kd4 63. Nb6 Rb2 64. Rd6+ Ke5
65. Rh6 Be4 66. Nd7+ Kd4 67. Nb6 Ke3 68. Nd5+ Ke2 69. Nc3+ Kd3 70. Nxe4 Kxe4
71. Rf6 Ke3 72. Rf4 Rc2 73. Rxg4 Kd3 74. h4 Rxc4 75. Rxc4 Kxc4 76. h5 Kd3 77.
h6 c4 78. h7 c3 79. h8=Q 1-0

[Event "10. Longericher Sommer-Open A"]
[Site "?"]
[Date "2013.07.22"]
[Round "4.6"]
[White "Gutt, Oswald"]
[Black "Herzum, Peter"]
[Result "0-1"]
[WhiteElo "2018"]
[BlackElo "1882"]
[PlyCount "98"]
[EventDate "2013.??.??"]
[WhiteTeam "Bergische SF 1923 Ber"]
[BlackTeam "Düsseldorfer SK 14/25 e."]

1. Nf3 c5 2. b3 Nf6 3. Bb2 Nc6 4. e3 g6 5. Be2 Bg7 6. O-O O-O 7. c4 d5 8. Na3
d4 9. exd4 cxd4 10. d3 e5 11. Nc2 Re8 12. b4 b6 13. Ng5 h6 14. Bf3 Bb7 15. Ne4
Nxe4 16. Bxe4 Qc7 17. Qf3 Nd8 18. Rae1 Bxe4 19. Qxe4 Ne6 20. Bc1 f5 21. Qh4 g5
22. Qh3 Qf7 23. f3 b5 24. c5 a5 25. a3 axb4 26. axb4 Ra2 27. Re2 Nc7 28. Rfe1
Rd8 29. f4 gxf4 30. Qh4 Qf6 31. Qxf6 Bxf6 32. Nxd4 Rxe2 33. Nxe2 Rxd3 34. Kf1
Kf7 35. Bb2 Nd5 36. Rc1 Ke7 37. c6 Kd8 38. c7+ Nxc7 39. Nxf4 Rb3 40. Nh5 Rxb2
41. Nxf6 Rxb4 42. Ng8 Kd7 43. h3 Nd5 44. Nxh6 Rf4+ 45. Ke2 b4 46. g3 Re4+ 47.
Kf2 b3 48. Nxf5 b2 49. Rb1 Rb4 0-1

[Event "10. Longericher Sommer-Open A"]
[Site "?"]
[Date "2013.07.22"]
[Round "4.7"]
[White "Esser, Thomas"]
[Black "Whitmire, James David"]
[Result "1-0"]
[WhiteElo "1942"]
[BlackElo "1968"]
[PlyCount "61"]
[EventDate "2013.??.??"]
[WhiteTeam "Post-Telekom SV 1925 Aachen e.V."]
[BlackTeam "Post-Telekom SV 1925 Aachen e.V."]

1. d4 Nf6 2. c4 d6 3. Nf3 Bg4 4. Nc3 Nbd7 5. e4 e5 6. Be2 Be7 7. O-O O-O 8. Be3
Re8 9. h3 Bh5 10. Qc2 exd4 11. Bxd4 Bf8 12. Rad1 Qe7 13. Rfe1 Nxe4 14. Nxe4
Qxe4 15. Bd3 Qf4 16. Be3 Rxe3 17. Rxe3 Ne5 18. Bxh7+ Kh8 19. Be4 Re8 20. Rde1
Bxf3 21. Bxf3 Nxf3+ 22. gxf3 Rxe3 23. Rxe3 Qg5+ 24. Kf1 g6 25. Qe4 Bh6 26. Qd4+
Kh7 27. Re8 Bg7 28. Qd5 Qc1+ 29. Kg2 Qxb2 30. Qxf7 Qxa2 31. Re4 1-0

[Event "10. Longericher Sommer-Open A"]
[Site "?"]
[Date "2013.07.22"]
[Round "4.8"]
[White "Freundlieb, Thomas"]
[Black "Mandt, Joachim"]
[Result "1-0"]
[WhiteElo "2097"]
[BlackElo "1788"]
[PlyCount "55"]
[EventDate "2013.??.??"]
[WhiteTeam "SG Niederkassel"]
[BlackTeam "Vereinigung der Schachsportfreun"]

1. d4 e6 2. Nf3 Nf6 3. e3 d5 4. Bd3 c5 5. b3 cxd4 6. exd4 Bb4+ 7. c3 Ba5 8. O-O
O-O 9. Bb2 Re8 10. Nbd2 Nc6 11. Ne5 h6 12. f4 a6 13. Rc1 Re7 14. Qe2 Qe8 15.
Bb1 Bb6 16. Qd3 Rc7 17. Ba3 Bd7 18. Kh1 Ne7 19. g4 Bb5 20. Qh3 Bxf1 21. Rxf1 g6
22. Qxh6 Qf8 23. Qh4 Kg7 24. f5 Qh8 25. Qf2 Neg8 26. fxg6 fxg6 27. g5 Nh7 28.
Nxg6 1-0

[Event "10. Longericher Sommer-Open A"]
[Site "?"]
[Date "2013.07.22"]
[Round "4.9"]
[White "Speck, Stefan"]
[Black "de Vivie, Achim"]
[Result "1/2-1/2"]
[WhiteElo "1998"]
[BlackElo "1805"]
[PlyCount "42"]
[EventDate "2013.??.??"]
[WhiteTeam "SC Solingen 1928 e.V."]
[BlackTeam "SF Köln-Longerich 195"]

1. d4 d5 2. c4 e6 3. Nf3 Be7 4. Nc3 Nf6 5. e3 O-O 6. b3 b6 7. Bb2 Bb7 8. Bd3
Nc6 9. Rc1 Nb4 10. Bb1 dxc4 11. bxc4 c5 12. O-O Bxf3 13. Qxf3 cxd4 14. Rfd1 d3
15. a3 d2 16. Rc2 Nxc2 17. Bxc2 Qc7 18. Rxd2 Rad8 19. Bd3 a6 20. g4 h6 21. h4
Nd7 1/2-1/2

[Event "10. Longericher Sommer-Open A"]
[Site "?"]
[Date "2013.07.22"]
[Round "4.10"]
[White "Lambertz, Michael"]
[Black "Zilberman, Rodion"]
[Result "1-0"]
[WhiteElo "1985"]
[BlackElo "1794"]
[PlyCount "63"]
[EventDate "2013.??.??"]
[WhiteTeam "SF Esch e.V."]
[BlackTeam "SF Köln-Longerich 195"]

1. e4 d6 2. Bc4 Nf6 3. d3 g6 4. Nc3 c6 5. Bg5 Bg7 6. f4 Nbd7 7. Nf3 Nb6 8. Bb3
Bg4 9. h3 Bxf3 10. Qxf3 Nbd7 11. O-O Nc5 12. d4 Nxb3 13. axb3 Nd7 14. Rad1 O-O
15. Kh2 f6 16. Bh4 Qe8 17. g4 g5 18. Bg3 gxf4 19. Bxf4 c5 20. Be3 cxd4 21. Bxd4
b6 22. Nd5 Rc8 23. c4 Nc5 24. Bxc5 dxc5 25. Rd3 e6 26. Nf4 f5 27. exf5 exf5 28.
Qd5+ Kh8 29. Ne6 Rf6 30. gxf5 Qh5 31. Rf2 Rg8 32. Nxg7 1-0

[Event "10. Longericher Sommer-Open A"]
[Site "?"]
[Date "2013.07.22"]
[Round "4.11"]
[White "Rokitta, Uwe"]
[Black "Ringeltaube, Denny"]
[Result "1-0"]
[WhiteElo "1968"]
[BlackElo "1765"]
[PlyCount "69"]
[EventDate "2013.??.??"]
[WhiteTeam "SC 1919 Siegburg e.V."]
[BlackTeam "Klub Kölner SF e.V. 1"]

1. d4 Nf6 2. Nf3 c5 3. d5 d6 4. Nc3 g6 5. e4 a6 6. a4 Bg7 7. Be2 Nbd7 8. O-O
O-O 9. h3 b6 10. Bg5 h6 11. Be3 Bb7 12. Bc4 Nh5 13. Ra3 Kh7 14. Qe2 Ne5 15.
Nxe5 Bxe5 16. Qd2 Bg7 17. g4 Nf6 18. f3 Qd7 19. Rf2 e6 20. dxe6 fxe6 21. g5 Ng8
22. gxh6 Nxh6 23. h4 d5 24. exd5 exd5 25. Nxd5 Qh3 26. Bg5 Bd4 27. Be3 Bxe3 28.
Qxe3 Bxd5 29. Bxd5 Rae8 30. Be4 Nf5 31. Qg5 Rd8 32. Rd3 Rxd3 33. cxd3 Rg8 34.
Rg2 Nxh4 35. Rh2 1-0

[Event "10. Longericher Sommer-Open A"]
[Site "?"]
[Date "2013.07.22"]
[Round "4.12"]
[White "Alvermann, Christian"]
[Black "Brecker, Hans-Jörg"]
[Result "1/2-1/2"]
[WhiteElo "1754"]
[BlackElo "1963"]
[PlyCount "89"]
[EventDate "2013.??.??"]
[WhiteTeam "VfB Schach Leipzig e.V."]
[BlackTeam "SF Erkelenz 1959 e.V."]

1. e4 d5 2. exd5 Qxd5 3. Nc3 Qd6 4. Nf3 Nf6 5. d4 c6 6. Be2 Bf5 7. O-O e6 8. h3
Nbd7 9. Re1 Be7 10. Bf1 O-O 11. Bg5 Nd5 12. Nxd5 Bxg5 13. Ne3 Bf6 14. Nxf5 exf5
15. c3 Nb6 16. Qc2 g6 17. Rad1 Rfe8 18. Ne5 Nd5 19. Nc4 Qc7 20. Qd2 b5 21. Ne3
Qd6 22. b3 Bg5 23. Nxf5 Bxd2 24. Rxe8+ Rxe8 25. Nxd6 Re6 26. Rxd2 Rxd6 27. c4
bxc4 28. bxc4 Nf4 29. g3 Ne6 30. d5 Nc7 31. Bg2 Kf8 32. Kf1 cxd5 33. cxd5 Ke7
34. Ke2 Ra6 35. Ke3 Kd6 36. Kf4 h6 37. h4 Ra4+ 38. Ke3 Ra5 39. Ke2 Nxd5 40.
Rxd5+ Rxd5 41. Bxd5 Kxd5 42. Kd3 f5 43. f3 g5 44. h5 g4 45. f4 1/2-1/2

[Event "10. Longericher Sommer-Open A"]
[Site "?"]
[Date "2013.07.22"]
[Round "4.13"]
[White "Statz, Samuel"]
[Black "Jordans, Ralph"]
[Result "1/2-1/2"]
[WhiteElo "1805"]
[BlackElo "1939"]
[PlyCount "97"]
[EventDate "2013.??.??"]
[WhiteTeam "SV Erftstadt e.V."]
[BlackTeam "Ford-SF Köln e.V."]

1. e4 c5 2. c3 Nf6 3. e5 Nd5 4. d4 cxd4 5. cxd4 Nc6 6. Nf3 e6 7. Bc4 Bb4+ 8.
Bd2 Qa5 9. O-O Bxd2 10. Qxd2 Qxd2 11. Nbxd2 Nde7 12. Bd3 Nb4 13. Be4 O-O 14. a3
Nbd5 15. Nc4 b6 16. Nd6 Rb8 17. Nd2 Ba6 18. Rfc1 f5 19. Bf3 g5 20. b4 g4 21.
Bd1 Bd3 22. Bc2 Bxc2 23. Rxc2 Kg7 24. g3 h5 25. Rac1 a6 26. Nb3 f4 27. b5 axb5
28. Nxb5 fxg3 29. fxg3 Ra8 30. Nd2 Ra5 31. Rb2 Ra4 32. Rf1 Rxf1+ 33. Kxf1 Nc6
34. Nb3 Ne3+ 35. Ke2 Nf5 36. Rd2 Na5 37. Rb2 Nxb3 38. Rxb3 Nxd4+ 39. Nxd4 Rxd4
40. Rxb6 Re4+ 41. Kd2 Rxe5 42. Rd6 Ra5 43. Rxd7+ Kf6 44. Rd3 e5 45. Ke3 Kf5 46.
Rb3 Ke6 47. Rd3 Ra4 48. Rb3 Rc4 49. Kd2 1/2-1/2

[Event "10. Longericher Sommer-Open A"]
[Site "?"]
[Date "2013.07.22"]
[Round "4.14"]
[White "Leontiev, Oleg"]
[Black "Theißen, Frank"]
[Result "1/2-1/2"]
[WhiteElo "1892"]
[BlackElo "1734"]
[PlyCount "42"]
[EventDate "2013.??.??"]
[WhiteTeam "Godesberger SK 1929 e.V."]
[BlackTeam "SF 1974 Heinsberg e.V"]

1. Nf3 e6 2. d4 d5 3. c4 Nf6 4. g3 dxc4 5. Bg2 Nc6 6. O-O a6 7. e3 Rb8 8. Nbd2
b5 9. a3 Be7 10. Qc2 Bb7 11. b3 Na5 12. bxc4 Nxc4 13. Nxc4 bxc4 14. Qxc4 c5 15.
Bd2 O-O 16. Rfd1 Qc8 17. Rdc1 Ne4 18. dxc5 Bxc5 19. Bb4 Bxb4 20. Qxb4 Bc6 21.
Qc4 Bd5 1/2-1/2

[Event "10. Longericher Sommer-Open A"]
[Site "?"]
[Date "2013.07.22"]
[Round "4.15"]
[White "Brandl, Lea Maria"]
[Black "Ciesla, Daniel"]
[Result "1-0"]
[WhiteElo "1715"]
[BlackElo "1849"]
[PlyCount "35"]
[EventDate "2013.??.??"]
[WhiteTeam "TSV Schott Mainz"]
[BlackTeam "SC Gardez Hermeskeil"]

1. d4 d6 2. Nf3 Bg4 3. c4 Nd7 4. Bf4 Bxf3 5. exf3 e5 6. Be3 exd4 7. Bxd4 Ngf6
8. Bd3 Be7 9. O-O O-O 10. Re1 Re8 11. Nd2 Bf8 12. Ne4 d5 13. cxd5 Nxd5 14. Qb3
N7b6 15. Rad1 c6 16. Bb1 Qc7 17. Qc2 Nb4 18. Nf6+ 1-0

[Event "10. Longericher Sommer-Open A"]
[Site "?"]
[Date "2013.07.22"]
[Round "4.16"]
[White "Meyer, Henrik"]
[Black "Berkle, Pascal"]
[Result "1/2-1/2"]
[WhiteElo "1667"]
[BlackElo "1805"]
[PlyCount "61"]
[EventDate "2013.??.??"]
[WhiteTeam "SK Turm Euskirchen 65"]
[BlackTeam "SV Erftstadt e.V."]

1. b3 d5 2. Bb2 Nc6 3. e3 e5 4. Bb5 Bd6 5. f4 Qe7 6. Nf3 Bg4 7. fxe5 Bxe5 8.
Bxe5 Bxf3 9. Qxf3 Qxe5 10. Nc3 Nge7 11. Bxc6+ bxc6 12. O-O O-O 13. Qf4 f6 14.
b4 Ng6 15. Qd4 Rfb8 16. Rab1 Kf7 17. b5 Qxd4 18. exd4 Ke7 19. bxc6 Kd6 20. Nb5+
Kxc6 21. Nc3 Nf8 22. Kf2 Ne6 23. Ne2 Rb6 24. Ke3 Rab8 25. Rb3 Re8 26. Kd3 Ng5
27. Rf5 Ne4 28. Nc3 Nxc3 29. Rxc3+ Kd6 30. Rc5 c6 31. Ra5 1/2-1/2

[Event "10. Longericher Sommer-Open A"]
[Site "?"]
[Date "2013.07.22"]
[Round "4.17"]
[White "Goldenstein, Arnd"]
[Black "Ramien, David"]
[Result "0-1"]
[WhiteElo "2037"]
[BlackElo "1726"]
[PlyCount "70"]
[EventDate "2013.??.??"]
[WhiteTeam "Klub Kölner SF e.V. 1"]
[BlackTeam "SG Porz e.V."]

1. d4 Nf6 2. c4 g6 3. Nf3 Bg7 4. Nc3 O-O 5. e4 d6 6. Be2 e5 7. O-O Nc6 8. d5
Ne7 9. b4 Ne8 10. Ba3 f5 11. Ng5 h6 12. Ne6 Bxe6 13. dxe6 c6 14. Qc2 Qc8 15. b5
Qxe6 16. c5 d5 17. exd5 cxd5 18. c6 bxc6 19. Bxe7 Qxe7 20. bxc6 d4 21. Nd5 Qd6
22. c7 Rc8 23. Qc4 Kh7 24. Rfc1 Nf6 25. Nxf6+ Bxf6 26. Qa6 Qe7 27. Rab1 e4 28.
Rb7 Be5 29. Rc6 Rf6 30. Rxf6 Qxf6 31. Qxa7 Qd6 32. Rb6 Rxc7 33. Qa6 Qf8 34.
Rxg6 d3 35. Bf1 d2 0-1

[Event "10. Longericher Sommer-Open A"]
[Site "?"]
[Date "2013.07.22"]
[Round "4.18"]
[White "Boschek, Hans-Joachim"]
[Black "Pick, Stefan"]
[Result "0-1"]
[WhiteElo "1915"]
[BlackElo "2159"]
[PlyCount "90"]
[EventDate "2013.??.??"]
[WhiteTeam "SV 1922 Hilden"]
[BlackTeam "SK Kerpen 64 e.V."]

1. c4 Nf6 2. g3 e6 3. Bg2 d5 4. Nf3 Be7 5. O-O O-O 6. b3 c6 7. Bb2 Re8 8. e3
Nbd7 9. cxd5 exd5 10. Nc3 Bd6 11. d3 Nc5 12. b4 Ne6 13. b5 Rb8 14. Qc2 Qb6 15.
Rab1 Bd7 16. Na4 Qd8 17. bxc6 bxc6 18. Be5 Bxe5 19. Nxe5 Qc7 20. d4 g6 21. Nd3
Ng5 22. Nac5 Rxb1 23. Rxb1 Bf5 24. Rb7 Qa5 25. Qb2 Nge4 26. Nb3 Qa4 27. Rb4 Qa6
28. Nbc5 Qc8 29. Ne5 Nxc5 30. dxc5 Qe6 31. Nf3 Ne4 32. Nd4 Qc8 33. Nxf5 Qxf5
34. Bxe4 dxe4 35. Qd4 h5 36. Rb7 h4 37. Qd7 Qxd7 38. Rxd7 h3 39. Kf1 Re5 40.
Rd4 Rxc5 41. Rxe4 Rc1+ 42. Ke2 Rh1 43. Ra4 Rxh2 44. Rxa7 Rh1 45. Kf3 Ra1 0-1

[Event "10. Longericher Sommer-Open A"]
[Site "?"]
[Date "2013.07.22"]
[Round "4.19"]
[White "Weinmann-Musset, Manfred"]
[Black "Lantsman, Boris"]
[Result "1-0"]
[WhiteElo "1949"]
[BlackElo "1870"]
[PlyCount "71"]
[EventDate "2013.??.??"]
[WhiteTeam "Ford-SF Köln e.V."]
[BlackTeam "SF Köln-Longerich 195"]

1. d4 e6 2. c4 Nf6 3. Nc3 Bb4 4. Bg5 O-O 5. Qc2 d5 6. e3 c5 7. Nf3 cxd4 8. exd4
Nbd7 9. c5 Qe8 10. Bb5 Ne4 11. O-O Bxc3 12. bxc3 f6 13. Be3 Qe7 14. Rab1 Rd8
15. c4 Nf8 16. c6 Nd6 17. Bf4 Nxb5 18. cxb5 g5 19. Bd2 Ng6 20. Bb4 Qf7 21. g3
bxc6 22. bxc6 Ba6 23. c7 Rdc8 24. Rfc1 Qd7 25. Ba5 Ne7 26. Qc5 Bc4 27. Rb2 Nc6
28. Rb7 Nxa5 29. Qxa5 Qc6 30. Rcb1 Kf7 31. Rb8 a6 32. R1b7 Bb5 33. Qe1 a5 34.
Qb1 Ba6 35. Qxh7+ Kf8 36. Qh8+ {Fehlerhafte und unvollständige Notation.} 1-0

[Event "10. Longericher Sommer-Open A"]
[Site "?"]
[Date "2013.07.22"]
[Round "4.20"]
[White "Runte, Dirk"]
[Black "Schwark, Mario"]
[Result "0-1"]
[WhiteElo "1742"]
[BlackElo "1944"]
[PlyCount "100"]
[EventDate "2013.??.??"]
[WhiteTeam "SV Fideler Bauer Lever"]
[BlackTeam "SG Kalker/Deutze"]

1. d4 Nf6 2. c4 g6 3. Nf3 Bg7 4. g3 d5 5. Bg2 O-O 6. cxd5 Qxd5 7. O-O Qh5 8. h4
c6 9. Nc3 Nbd7 10. Qd3 Ng4 11. Bg5 Re8 12. e4 e5 13. Ne2 h6 14. Bd2 g5 15. hxg5
hxg5 16. Bxg5 Bh6 17. Bxh6 Qxh6 18. Qd2 Qg7 19. Qg5 b6 20. Qxg7+ Kxg7 21. dxe5
Ba6 22. Rfe1 Ndxe5 23. Nxe5 Nxe5 24. Nf4 c5 25. b3 Rac8 26. Re3 b5 27. a4 b4
28. Bf1 Bxf1 29. Kxf1 c4 30. bxc4 Nxc4 31. Re2 b3 32. Nd3 Rb8 33. Nb2 Nxb2 34.
Rxb2 Rxe4 35. Ra3 Reb4 36. a5 a6 37. Ke2 Kf6 38. Kd3 R4b5 39. Kc3 Rc8+ 40. Kd3
Rd5+ 41. Ke3 Rc3+ 42. Ke4 Rdd3 43. Rb1 Ke6 44. Ra4 f5+ 45. Kf4 Rf3+ 46. Kg5
Rxf2 47. Rf4 Rxg3+ 48. Kh4 Rgf3 49. Rxf3 Rxf3 50. Rc1 Kd5 0-1

[Event "10. Longericher Sommer-Open A"]
[Site "?"]
[Date "2013.07.22"]
[Round "4.21"]
[White "Bieberle, Gerhart"]
[Black "Thierkopf, Guido"]
[Result "1-0"]
[WhiteElo "1924"]
[BlackElo "1710"]
[PlyCount "79"]
[EventDate "2013.??.??"]
[WhiteTeam "Post-Telekom SV 1925 Aachen e.V."]
[BlackTeam "Brühler SK 1920 e.V."]

1. Nf3 Nf6 2. d4 d5 3. c4 dxc4 4. Nc3 Bg4 5. e3 e6 6. h3 Bh5 7. g4 Bg6 8. Ne5
Bb4 9. Qa4+ Nc6 10. Bg2 O-O 11. Nxc6 Bxc3+ 12. bxc3 Qd7 13. Qxc4 bxc6 14. Bxc6
Qc8 15. Ba3 Be4 16. Bxa8 Qxa8 17. Rg1 Rb8 18. Qa6 Rb6 19. Qa5 Qb7 20. Rc1 Rb1
21. Qa4 Bf3 22. Qc2 Be4 23. Rxb1 Qxb1+ 24. Qxb1 Bxb1 25. f3 h6 26. e4 c6 27.
Rg2 h5 28. Rb2 Bd3 29. Be7 hxg4 30. Bxf6 gxf6 31. hxg4 a6 32. a3 Kg7 33. Kd2
Bb5 34. Ke3 Kg6 35. Kf4 Kg7 36. e5 Kg6 37. Rh2 Bd3 38. Ke3 Bc4 39. f4 fxe5 40.
dxe5 {Zeitueberschreitung.} 1-0

[Event "10. Longericher Sommer-Open A"]
[Site "?"]
[Date "2013.07.22"]
[Round "4.22"]
[White "Meyer, Stefan"]
[Black "Gelsok, Philipp"]
[Result "0-1"]
[WhiteElo "1754"]
[BlackElo "1729"]
[PlyCount "70"]
[EventDate "2013.??.??"]
[WhiteTeam "SV Grevenbroich 1953"]
[BlackTeam "Bergische SF 1923 Ber"]

1. d4 d5 2. c4 e6 3. Nc3 c6 4. Nf3 Nf6 5. Bg5 dxc4 6. a4 Bb4 7. Bxf6 gxf6 8. e3
b5 9. Nd2 Bb7 10. Qc2 a6 11. Be2 Nd7 12. b3 cxb3 13. Qxb3 Qa5 14. Ndb1 c5 15.
O-O c4 16. Qb2 Bxc3 17. Nxc3 b4 18. Na2 Qd5 19. f3 a5 20. e4 Qc6 21. d5 Qc5+
22. Kh1 c3 23. Qc2 O-O-O 24. Nc1 exd5 25. exd5 Qxd5 26. Rd1 Qg5 27. Nb3 Nb6 28.
Bb5 Nd5 29. Nxa5 Ne3 30. Rxd8+ Rxd8 31. Qf2 Rd2 32. Be2 Qxg2+ 33. Qxg2 Nxg2 34.
Kxg2 Rxe2+ 35. Kg3 Bd5 0-1

[Event "10. Longericher Sommer-Open A"]
[Site "?"]
[Date "2013.07.22"]
[Round "4.23"]
[White "Rost, Vincent"]
[Black "Rieger, Isabelle"]
[Result "1-0"]
[WhiteElo "1739"]
[BlackElo "1712"]
[PlyCount "73"]
[EventDate "2013.??.??"]
[WhiteTeam "SV Erftstadt e.V."]
[BlackTeam "SV Fideler Bauer Lever"]

1. c4 Nf6 2. g3 g6 3. Bg2 Bg7 4. Nc3 O-O 5. Nf3 d6 6. d4 Na6 7. O-O c5 8. dxc5
Nxc5 9. b4 Ne6 10. Rb1 Rb8 11. Bb2 Nc7 12. Qd2 Bf5 13. Rbc1 a6 14. Nd4 Bd7 15.
Rfd1 Ne6 16. Nxe6 fxe6 17. h3 Bc6 18. e4 Qb6 19. a3 Rbd8 20. Ba1 Nd7 21. Rf1
Bd4 22. Nd1 Bxa1 23. Rxa1 Ne5 24. Qe2 Rf6 25. Rc1 Nxc4 26. Qxc4 Bb5 27. Qc7
Qxc7 28. Rxc7 Bxf1 29. Kxf1 Kf8 30. Ke2 Rb8 31. Ne3 h5 32. e5 Rf7 33. Bxb7 d5
34. Bxa6 Ra8 35. Rc8+ Rxc8 36. Bxc8 Rf5 37. Nxf5 1-0

[Event "10. Longericher Sommer-Open A"]
[Site "?"]
[Date "2013.07.22"]
[Round "4.24"]
[White "Gula, Julian"]
[Black "Andrijenko, Anatoliy"]
[Result "0-1"]
[WhiteElo "1736"]
[BlackElo "1914"]
[PlyCount "48"]
[EventDate "2013.??.??"]
[WhiteTeam "Verein f. Sport u. Freizeit v. 1"]
[BlackTeam "SF Köln-Longerich 195"]

1. e4 c5 2. Nf3 d6 3. d4 cxd4 4. Qxd4 Nc6 5. Bb5 Bd7 6. Bxc6 Bxc6 7. c4 Nf6 8.
Nc3 g6 9. Be3 Bg7 10. h3 O-O 11. Qd3 Nd7 12. Bd4 Nc5 13. Qc2 Bxd4 14. Nxd4 a6
15. b4 Ne6 16. Nxc6 bxc6 17. Rd1 a5 18. a3 axb4 19. axb4 Qb6 20. Qb2 Rfb8 21.
Na2 Ra4 22. Rc1 Rba8 23. Ra1 Qd4 24. Qxd4 Nxd4 0-1

[Event "10. Longericher Sommer-Open A"]
[Site "?"]
[Date "2013.07.22"]
[Round "4.25"]
[White "Süß, Stefan"]
[Black "Karwatzki, Hans-Jürgen"]
[Result "0-1"]
[WhiteElo "1822"]
[BlackElo "1714"]
[PlyCount "72"]
[EventDate "2013.??.??"]
[WhiteTeam "Mosbacher SC von 1931"]
[BlackTeam "Vereinigung der Schachsportfreun"]

1. d4 Nf6 2. Nf3 d5 3. Bf4 e6 4. e3 c5 5. c3 Nc6 6. Nbd2 c4 7. Qc2 Bd6 8. Ne5
Qc7 9. Ndf3 Ne4 10. Nxc6 Qxc6 11. Bxd6 Nxd6 12. Ne5 Qc7 13. f4 f6 14. Nf3 b5
15. Be2 a5 16. O-O Bb7 17. a3 a4 18. g3 Nf5 19. Kf2 h5 20. Nh4 Qd7 21. Rg1
O-O-O 22. Bf3 g5 23. fxg5 fxg5 24. Ng6 Rh6 25. Ne5 Qh7 26. Qe2 g4 27. Bg2 Rf8
28. Ke1 Rhf6 29. Rf1 Qh6 30. Kd2 Nxe3 31. Rxf6 Rxf6 32. Ke1 Nxg2+ 33. Qxg2 Qe3+
34. Qe2 Qg1+ 35. Kd2 Qxa1 36. Kc2 Qf1 0-1

[Event "10. Longericher Sommer-Open A"]
[Site "?"]
[Date "2013.07.22"]
[Round "5.1"]
[White "Jesse, Ingemars"]
[Black "Dijkhuis, Tycho"]
[Result "1-0"]
[WhiteElo "2320"]
[BlackElo "2152"]
[PlyCount "55"]
[EventDate "2013.??.??"]
[WhiteTeam "LSV Turm Lippstadt"]
[BlackTeam "Schaakclub Utrecht (NL)"]

1. g3 g6 2. Bg2 Bg7 3. c4 Nf6 4. Nc3 O-O 5. e4 e5 6. Nge2 Nc6 7. O-O d6 8. f4
a6 9. d3 Rb8 10. a4 Re8 11. f5 Nd4 12. h3 gxf5 13. Bg5 c6 14. a5 Kh8 15. exf5
Rg8 16. g4 h6 17. Bh4 Bf8 18. Nxd4 exd4 19. Ne2 c5 20. Nf4 Be7 21. Re1 Nd5 22.
Rxe7 Nxe7 23. Qe2 Re8 24. Re1 Qxa5 25. Bxe7 Bd7 26. Qf2 Kg8 27. Nd5 Bc6 28.
Nf6+ 1-0

[Event "10. Longericher Sommer-Open A"]
[Site "?"]
[Date "2013.07.22"]
[Round "5.2"]
[White "Mohaupt, Sascha"]
[Black "Arlt, Klaus"]
[Result "1-0"]
[WhiteElo "2179"]
[BlackElo "2034"]
[PlyCount "77"]
[EventDate "2013.??.??"]
[WhiteTeam "SV Wermelskirchen 32"]
[BlackTeam "SF Köln-Mülheim e.V."]

1. e4 c6 2. d4 d5 3. Nd2 dxe4 4. Nxe4 Bf5 5. Ng3 Bg6 6. N1e2 e6 7. h4 h6 8. Nf4
Bh7 9. c3 Nf6 10. Bc4 Be7 11. Ngh5 Nxh5 12. Qxh5 O-O 13. g4 Bd6 14. g5 Bxf4 15.
Bxf4 Bg6 16. Qf3 h5 17. Bd3 Bxd3 18. Qxd3 Qd5 19. Rg1 g6 20. c4 Qa5+ 21. Bd2
Qa6 22. Rg3 Nd7 23. Bc3 Rad8 24. Qe2 b6 25. b3 c5 26. O-O-O Qb7 27. dxc5 Nxc5
28. Rxd8 Rxd8 29. Qe5 Qh1+ 30. Kb2 Rd2+ 31. Bxd2 Qf1 32. Qe3 e5 33. Bb4 Ne6 34.
Bc3 e4 35. Qe1 Qxe1 36. Bxe1 Nc5 37. Bb4 Nd3+ 38. Rxd3 exd3 39. Kc3 1-0

[Event "10. Longericher Sommer-Open A"]
[Site "?"]
[Date "2013.07.22"]
[Round "5.3"]
[White "Herzum, Peter"]
[Black "Karimi, Farhad"]
[Result "1-0"]
[WhiteElo "1882"]
[BlackElo "2165"]
[PlyCount "83"]
[EventDate "2013.??.??"]
[WhiteTeam "Düsseldorfer SK 14/25 e."]
[BlackTeam "Satranc Club 2000 e.V."]

1. e4 c5 2. Nf3 e6 3. c4 b6 4. Nc3 Bb7 5. d4 cxd4 6. Nxd4 a6 7. Be2 Bb4 8. O-O
Bxc3 9. bxc3 Bxe4 10. Bf3 d5 11. Bxe4 dxe4 12. Ba3 Ne7 13. Qg4 O-O 14. Rad1 Qc7
15. f4 Nbc6 16. Nxc6 Nxc6 17. Bxf8 Rxf8 18. f5 exf5 19. Qxf5 Ne5 20. Qxe4 Nxc4
21. Rd4 b5 22. Kh1 Ne5 23. h3 Ng6 24. c4 b4 25. Rc1 Rc8 26. c5 a5 27. c6 Ne5
28. Rd5 f6 29. Rb5 Kf8 30. Rb7 Qd6 31. Qxh7 Rc7 32. Rb8+ Kf7 33. Rg8 Rxc6 34.
Qxg7+ Ke6 35. Re8+ Kf5 36. Rf1+ Ke4 37. Qg4+ Kd5 38. Rd1+ Kc5 39. Rxd6 Nxg4 40.
Rxc6+ Kxc6 41. hxg4 a4 42. Kg1 1-0